000 00346nam a2200157Ia 4500
100 _aVears/R.E
650 _aElectrical Engineering
490 _vII
942 _cRB
654 _aMicroelectronic System
245 _aMicroelectronic System
260 _bButtersworth
_aLondon
_c1982
082 _a621.3
300 _a194
546 _aENGLISH
999 _c21451
_d21451